000 00424nam a2200133Ia 4500
005 20260326235457.0
008 260326s9999||||xx |||||||||||||| ||und||
100 _aSaldarriaga Roa, Alberto
245 0 _aEstado, Ciudad y Vivienda :
_b Urbanismo y Arquitectura de la Vivienda estatal en Colombia, 1918-1990 /
_cAlberto Saldarriaga Roa
260 _bInurbe
300 _a382 p.
650 _aARQUITECTURA REGIONAL
942 _cBK
999 _c7956
_d7956